00441nam a22001337a 4500082001200000100001400012245001400026250008400040260004400124300000900168490002400177520008400201650002200285 a540 ABS aAbstracts aAbstracts aThe 8th Asian Chemical Congress and Chemical Industry and Instrument Exhibition aTaiwanbInternational Convention Center a735p aNovember 21-24,1999 aThe 8th Asian Chemical Congress and Chemical Industry and Instrument Exhibition achemical industry